Obálka
Pro půjčování e-knih musíte být přihlášeni.
Jak si půjčit online?

Anička v Austrálii /

Další volné pokračování o Aničce, která se tentokrát s tatínkem a babičkou vypraví do Austrálie.

Uloženo v:
Série:Anička, část 7
Hlavní autor: Peroutková, Ivana, 1960- (Autor)
Další autoři: Nováková, Jindřiška, 1954- (Autor), Issová, Martha, 1981- (Režisér)
Médium: E-audiokniha
Jazyk:Czech
Vydáno: Praha : Albatros, 2024
Témata:
Příbuzné jednotky:Z cyklu:: Anička
Tagy:
Žádné tagy
LEADER 05069nim a2200901 i 4500
001 313371
003 CZ PrSKC
005 20260601215741.0
007 sd fungnnmmned
008 250113s2024 xr nnnnj f n cze
015 |a cnb003664584 
020 |a 9788000075969 :  |c Kč 249,00 
040 |a ABA001  |b cze  |e rda 
072 7 |a 821.162.3-3  |x Česká próza  |2 Konspekt 
072 7 |a 821-93  |x Literatura pro děti a mládež (beletrie)  |2 Konspekt 
080 |a 821.162.3-32  |2 MRF 
080 |a (0:82-32)  |2 MRF 
080 |a (086.7.053.2)  |2 MRF 
080 |a (086.7)08  |2 MRF 
080 |a (086.76)  |2 MRF 
100 1 |a Peroutková, Ivana,  |d 1960-  |7 jn20000401963  |4 aut 
245 1 0 |a Anička v Austrálii /  |c Ivana Peroutková 
264 1 |a Praha :  |b Albatros,  |c 2024 
300 |a 1 audiodisk (2 hod., 52 min.) ;  |c 12 cm 
306 |a 025200 
336 |a mluvené slovo  |b spw  |2 rdacontent 
337 |a audio  |b s  |2 rdamedia 
338 |a audiodisk  |b sd  |2 rdacarrier 
344 |a digital  |b optical  |2 rda 
347 |a audio soubor  |b MP3  |2 rda 
500 |a Název z disku 
500 |a Podle stejnojmenné knihy vydané nakladatelstvím Albatros v roce 2014 
500 |a Nezkrácená audiokniha ve formátu MP3 
508 |a Režie, Jindřiška Nováková 
511 0 |a Čte Martha Issová 
518 |o Nahráno  |d 2024  |p studio Karpofon (AudioStory) 
520 2 |a Další volné pokračování o Aničce, která se tentokrát s tatínkem a babičkou vypraví do Austrálie.  |b Jednou večer tatínek oznámí Aničce novinu - jede na kongres do daleké Austrálie. Ale nejúžasnější je, že Anička s babičkou poletí s ním! Nadšená Anička se těší, určitě ji tam čekají báječné zážitky, a navíc uvidí exotické rostliny, klokany, papoušky a medvídky koala! Svůj deník si tentokrát povede jako opravdová cestovatelka. A Anička u protinožců skutečně prožije spoustu nevšedních dobrodružství a setkání... Nakladatelská anotace. 
521 8 |a Pro posluchače od 7 let 
655 7 |a české příběhy  |7 fd133973  |2 czenas 
655 7 |a zvukové záznamy pro děti a mládež  |7 fd186726  |2 czenas 
655 7 |a audioknihy  |7 fd119452  |2 czenas 
655 7 |a kompaktní disky  |7 fd201991  |2 czenas 
655 9 |a Czech stories  |2 eczenas 
655 9 |a juvenile sound recordings  |2 eczenas 
655 9 |a audiobooks  |2 eczenas 
655 9 |a compact discs  |2 eczenas 
700 1 |a Nováková, Jindřiška,  |d 1954-  |7 jn20010601354  |4 drt 
700 1 |a Issová, Martha,  |d 1981-  |7 js20051128007  |4 nrt 
787 0 8 |i Z cyklu:  |t Anička  |g 7 
900 |a ABA001  |b 20 
044 |a xr 
505 0 0 |t 01_Necekana zprava (5 min., 4 sek.) 
505 0 0 |t 02_Anicka se louci s tridou (6 min., 45 sek.) 
505 0 0 |t 03_Tri kufry, predlouhy let a stastne pristani (6 min., 44 sek.) 
505 0 0 |t 04_Ubytovani v hotelu s kolonialnim nabytkem (4 min., 39 sek.) 
505 0 0 |t 05_Prochazka po pobrezi, krevety, teckovana jesterka, tajemna ryba a hladovi rackove (9 min., 22 sek.) 
505 0 0 |t 06_Vypraveni o puvodnich obyvatelich Australie (5 min., 34 sek.) 
505 0 0 |t 07_Mezi mrakodrapy, blazniva jizda na jednokolejce a drzi ptaci v botanické zahrade (8 min., 49 sek.) 
505 0 0 |t 08_U Opery, v pristavu, tajemny zvuk didzeridu a prvni setkani s aboridzinskou holcickou (7 min., 10 sek.) 
505 0 0 |t 09_Kapitan Cook a objeveni noveho kontinentu (5 min., 43 sek.) 
505 0 0 |t 10_Rozverny papousek Kakadu a koupani ve Zraloci zatoce (9 min., 53 sek.) 
505 0 0 |t 11_Navsteva zoologické zahrady (11 min., 4 sek.) 
505 0 0 |t 12_V cinske ctvrti a zahrade, kde Anicka objevi spiciho tajemného chlapecka (8 min., 37 sek.) 
505 0 0 |t 13_Na veceri v cinske restauraci, moudre citaty a znovu ty krevety (6 min., 46 sek.) 
505 0 0 |t 14_Putovani v Modrych horach, kde Anicka uvidi divoke poniky (6 min., 12 sek.) 
505 0 0 |t 15_Na chate, kde Anicka uplne ztrati odvahu (6 min., 40 sek.) 
505 0 0 |t 16_Noc, Jizni kriz a Anicciny uvahy o dobrodruzstvi (4 min., 36 sek.) 
505 0 0 |t 17_Australska bourka, radostna zprava od tatinka a modry svetr (8 min., 9 sek.) 
505 0 0 |t 18_Vylet na Fraser Island, silena jizda v terennim voze, hladke vystekane jablko a pritulni sumecci (8 min., 17 sek.) 
505 0 0 |t 19_Mangrovniky, krabi armada a podivny listek na Aniccine noze (6 min., 43 sek.) 
505 0 0 |t 20_Setkani s panem ostrova (6 min., 21 sek.) 
505 0 0 |t 21_Aniccin divukrasny i uzkostny sen (9 min., 35 sek.) 
505 0 0 |t 22_Zpatky v Sydney a mala oslava na terase (7 min., 3 sek.) 
505 0 0 |t 23_Nakupovani darku, a co se nakonec udalo v pristavu (7 min., 4 sek.) 
505 0 0 |t 24_Rozlouceni s papouskem a posledni zapis do deniku (4 min., 50 sek.) 
910 |a RBIT002 
998 |d 415351  |a https://core.palmknihy.cz/api/books/415351/cover?smi8zq  |b https://core.palmknihy.cz/api/books/415351/cover/400?smi8zq  |c https://core.palmknihy.cz/api/books/415351/cover/50?smi8zq  |e 2031-12-31  |i 9788000075969  |l 10320  |q 49  |r 1  |s https://www.palmknihy.cz/kniha/415351  |t audiobook  |y 2024  |z 0 
999 |d 313369